| 000 | 00710nam a2200205 i 4500 | ||
|---|---|---|---|
| 001 | 148455 | ||
| 003 | ES-MaACL | ||
| 005 | 20230906202637.0 | ||
| 007 | t| | ||
| 008 | 070214s1984 sp r ||||1| spa d | ||
| 100 | 1 |
_aStein, Sherman K. _9108039 |
|
| 245 | 1 | 0 |
_aCálculo y geometría analítica / _cSherman K. Stein ; traducción de la 3ª edición en inglés por Lorenzo Abellanas Rapun, Luis Martínez Alonso. |
| 260 |
_aMadrid : _bMc Graw-Hill, _c1984. |
||
| 300 |
_aXVIII, 1057 p.+ 193 p. ; _c25 cm. |
||
| 650 | 4 |
_aGeometría analítica. _913100 |
|
| 700 | 1 |
_aAbellanas, Lorenzo, _918072 |
|
| 700 | 1 |
_aMartínez Alonso, Luis. _977846 |
|
| 852 |
_aES-MaACL _jL-7496 _bR.108124 |
||
| 999 |
_c148455 _d148455 |
||